| 000 | 01170nam a2200217Ia 4500 | ||
|---|---|---|---|
| 003 | Ost | ||
| 005 | 20260507075435.0 | ||
| 008 | 260507s9999||||xx |||||||||||||| ||und|| | ||
| 040 | _cfsecg | ||
| 041 | _aara | ||
| 082 | _a339 | ||
| 100 |
_aالشمري، ناظم محمد نوري _eمؤلف |
||
| 245 | 0 |
_aمدخل في علم الاقتصاد / _c ناظم محمد نوري الشمري |
|
| 260 |
_aعمان: _bدار زهران, _c2008 |
||
| 300 |
_a402 صفحة؛ _bإيضاحات ؛ _c25 سم |
||
| 504 | _aمراجع ص.383 قاموس المفردات ص.390 | ||
| 520 | _a-الطلب، العرض، التوازن، تحليل سلوك المستهلك، نظرية الانتاج، تكاليف الانتاج ، سوق المنافسة التامة، الاحتكار التام، المنافسة الاحتكارية، الاقتصاد الكلي: الدخل والناتج القومي ، مكونات و محددات الناتج القومي، النقود، عرض النقد ،الجهاز المصرفي ، المصارف التجار | ||
| 653 | _aالاقتصاد الجزئي | ||
| 653 | _aالاقتصاد الكلي | ||
| 942 | _cكتاب | ||
| 999 |
_c44538 _d44538 |
||